<?xml version="1.0" encoding="UTF-8"?>
<record
    xmlns:xsi="http://www.w3.org/2001/XMLSchema-instance"
    xsi:schemaLocation="http://www.loc.gov/MARC21/slim http://www.loc.gov/standards/marcxml/schema/MARC21slim.xsd"
    xmlns="http://www.loc.gov/MARC21/slim">

  <leader>02508nam a22002777a 4500</leader>
  <controlfield tag="003">NALT</controlfield>
  <controlfield tag="005">20241027161209.0</controlfield>
  <controlfield tag="008">240914b        th ||||| |||| 00| 0 tha d</controlfield>
  <datafield tag="020" ind1=" " ind2=" ">
    <subfield code="a">9789742892449</subfield>
  </datafield>
  <datafield tag="040" ind1=" " ind2=" ">
    <subfield code="a">NALT</subfield>
  </datafield>
  <datafield tag="041" ind1=" " ind2=" ">
    <subfield code="a">tha</subfield>
  </datafield>
  <datafield tag="050" ind1=" " ind2=" ">
    <subfield code="a">SB 404.9</subfield>
    <subfield code="b">&#xE2D;756&#xE14; 2552</subfield>
  </datafield>
  <datafield tag="100" ind1="0" ind2=" ">
    <subfield code="a">&#xE2D;&#xE34;&#xE28;&#xE23;&#xE32; &#xE41;&#xE1E;&#xE07;&#xE2A;&#xE35;</subfield>
    <subfield code="9">64745</subfield>
  </datafield>
  <datafield tag="245" ind1="1" ind2="0">
    <subfield code="a">&#xE14;&#xE39;&#xE41;&#xE25;&#xE15;&#xE49;&#xE19;&#xE44;&#xE21;&#xE49;&#xE14;&#xE49;&#xE27;&#xE22;&#xE15;&#xE31;&#xE27;&#xE40;&#xE2D;&#xE07; =</subfield>
    <subfield code="b">Easy care plant guide /</subfield>
    <subfield code="c">&#xE2D;&#xE34;&#xE28;&#xE23;&#xE32; &#xE41;&#xE1E;&#xE07;&#xE2A;&#xE35;.</subfield>
  </datafield>
  <datafield tag="246" ind1="3" ind2="1">
    <subfield code="a">Easy care plant guide.</subfield>
  </datafield>
  <datafield tag="250" ind1=" " ind2=" ">
    <subfield code="a">&#xE1E;&#xE34;&#xE21;&#xE1E;&#xE4C;&#xE04;&#xE23;&#xE31;&#xE49;&#xE07;&#xE17;&#xE35;&#xE48; 2.</subfield>
  </datafield>
  <datafield tag="260" ind1=" " ind2=" ">
    <subfield code="a">&#xE01;&#xE23;&#xE38;&#xE07;&#xE40;&#xE17;&#xE1E;&#xE2F; :</subfield>
    <subfield code="b">&#xE1A;&#xE49;&#xE32;&#xE19;&#xE41;&#xE25;&#xE30;&#xE2A;&#xE27;&#xE19;,</subfield>
    <subfield code="c">2552.</subfield>
  </datafield>
  <datafield tag="300" ind1=" " ind2=" ">
    <subfield code="a">119 &#xE2B;&#xE19;&#xE49;&#xE32; :</subfield>
    <subfield code="b">&#xE20;&#xE32;&#xE1E;&#xE1B;&#xE23;&#xE30;&#xE01;&#xE2D;&#xE1A;&#xE2A;&#xE35; ;</subfield>
    <subfield code="c">25 &#xE0B;&#xE21;.</subfield>
  </datafield>
  <datafield tag="505" ind1="0" ind2=" ">
    <subfield code="a">&#xE1A;&#xE17;&#xE19;&#xE4D;&#xE32; -- &#xE04;&#xE27;&#xE23;&#xE23;&#xE39;&#xE49;&#xE01;&#xE48;&#xE2D;&#xE19;&#xE14;&#xE39;&#xE41;&#xE25; : &#xE2D;&#xE38;&#xE1B;&#xE01;&#xE23;&#xE13;&#xE4C;&#xE0A;&#xE48;&#xE27;&#xE22;&#xE0A;&#xE35;&#xE27;&#xE34;&#xE15; ; &#xE1B;&#xE31;&#xE08;&#xE08;&#xE31;&#xE22;&#xE2D;&#xE22;&#xE39;&#xE48;&#xE23;&#xE2D;&#xE14; ; &#xE1B;&#xE31;&#xE01;&#xE0A;&#xE33;&#xE2D;&#xE22;&#xE48;&#xE32;&#xE07;&#xE44;&#xE23;&#xE43;&#xE2B;&#xE49;&#xE2D;&#xE2D;&#xE01;&#xE23;&#xE32;&#xE01; ; &#xE40;&#xE1B;&#xE25;&#xE35;&#xE48;&#xE22;&#xE19;&#xE01;&#xE23;&#xE30;&#xE16;&#xE32;&#xE07;&#xE43;&#xE2B;&#xE21;&#xE48;&#xE43;&#xE2B;&#xE49;&#xE07;&#xE2D;&#xE01;&#xE07;&#xE32;&#xE21; ; &#xE2D;&#xE48;&#xE32;&#xE19;&#xE09;&#xE25;&#xE32;&#xE01;&#xE01;&#xE48;&#xE2D;&#xE19;&#xE43;&#xE0A;&#xE49; -- Section 1 &#xE42;&#xE23;&#xE04;&#xE1E;&#xE37;&#xE0A; Plant's disease : &#xE40;&#xE1F;&#xE34;&#xE19;&#xE02;&#xE49;&#xE32;&#xE2B;&#xE25;&#xE27;&#xE07;&#xE42;&#xE2D;&#xE0A;&#xE32;&#xE01;&#xE32; ; &#xE01;&#xE38;&#xE2B;&#xE25;&#xE32;&#xE1A; ; &#xE42;&#xE2E;&#xE40;&#xE14;&#xE23;&#xE19;&#xE40;&#xE22;&#xE35;&#xE22; ; &#xE1A;&#xE31;&#xE25;&#xE25;&#xE39;&#xE19;&#xE1F;&#xE25;&#xE32;&#xE27;&#xE40;&#xE27;&#xE2D;&#xE23;&#xE4C; ; &#xE04;&#xE31;&#xE17;&#xE25;&#xE35;&#xE22;&#xE32;&#xE25;&#xE39;&#xE01;&#xE1C;&#xE2A;&#xE21; ; &#xE25;&#xE31;&#xE48;&#xE19;&#xE17;&#xE21; -- Section 2 &#xE41;&#xE21;&#xE25;&#xE07;&#xE41;&#xE25;&#xE30;&#xE28;&#xE31;&#xE15;&#xE23;&#xE39;&#xE1E;&#xE37;&#xE0A; Pest control : &#xE1B;&#xE23;&#xE34;&#xE01;&#xE2B;&#xE32;&#xE07;&#xE01;&#xE23;&#xE30;&#xE23;&#xE2D;&#xE01; ; &#xE41;&#xE04;&#xE04;&#xE15;&#xE31;&#xE2A; ; &#xE01;&#xE25;&#xE49;&#xE27;&#xE22;&#xE44;&#xE21;&#xE49;&#xE2A;&#xE01;&#xE38;&#xE25;&#xE04;&#xE31;&#xE17;&#xE25;&#xE35;&#xE22;&#xE32;&#xE41;&#xE25;&#xE30;&#xE01;&#xE25;&#xE49;&#xE27;&#xE22;&#xE44;&#xE21;&#xE49;&#xE2A;&#xE01;&#xE38;&#xE25;&#xE2D;&#xE37;&#xE48;&#xE19;&#xE46; ; &#xE1A;&#xE35;&#xE42;&#xE01;&#xE40;&#xE19;&#xE35;&#xE22; ; &#xE1A;&#xE31;&#xE27; -- Section 3 &#xE2A;&#xE20;&#xE32;&#xE1E;&#xE41;&#xE27;&#xE14;&#xE25;&#xE49;&#xE2D;&#xE21;&#xE44;&#xE21;&#xE48;&#xE40;&#xE2B;&#xE21;&#xE32;&#xE30;&#xE2A;&#xE21; Environmental effect : &#xE42;&#xE2E;&#xE22;&#xE48;&#xE32; ; &#xE44;&#xE21;&#xE49;&#xE2D;&#xE27;&#xE1A;&#xE19;&#xE49;&#xE33; ; &#xE17;&#xE34;&#xE25;&#xE41;&#xE2D;&#xE19;&#xE14;&#xE4C;&#xE40;&#xE0B;&#xE35;&#xE22; ; &#xE40;&#xE1F;&#xE34;&#xE19;&#xE01;&#xE49;&#xE32;&#xE19;&#xE14;&#xE33; ; &#xE44;&#xE1C;&#xE48;&#xE1F;&#xE34;&#xE25;&#xE34;&#xE1B;&#xE1B;&#xE34;&#xE19;&#xE2A;&#xE4C;&#xE15;&#xE48;&#xE32;&#xE07; ; &#xE2B;&#xE19;&#xE49;&#xE32;&#xE27;&#xE31;&#xE27; -- Section 4 &#xE01;&#xE32;&#xE23;&#xE02;&#xE22;&#xE32;&#xE22;&#xE1E;&#xE31;&#xE19;&#xE18;&#xE38;&#xE4C;&#xE1E;&#xE37;&#xE0A; Plant's propagation : &#xE1A;&#xE31;&#xE27;&#xE14;&#xE34;&#xE19; ; &#xE27;&#xE48;&#xE32;&#xE19;&#xE2A;&#xE35;&#xE48;&#xE17;&#xE34;&#xE28; ; &#xE24;&#xE45;&#xE29;&#xE35;&#xE1C;&#xE2A;&#xE21;&#xE41;&#xE04;&#xE23;&#xE30; ; &#xE41;&#xE2D;&#xE1F;&#xE23;&#xE34;&#xE01;&#xE31;&#xE19;&#xE44;&#xE27;&#xE42;&#xE2D;&#xE40;&#xE25;&#xE14; ; &#xE40;&#xE14;&#xE1B;&#xE01;&#xE23;&#xE30;&#xE40;&#xE1B;&#xE49;&#xE32; ; &#xE40;&#xE1F;&#xE34;&#xE19;&#xE0A;&#xE32;&#xE22;&#xE1C;&#xE49;&#xE32;&#xE2A;&#xE34;&#xE15;&#xE32;.</subfield>
  </datafield>
  <datafield tag="650" ind1=" " ind2="4">
    <subfield code="a">&#xE1E;&#xE37;&#xE0A;</subfield>
    <subfield code="x">&#xE01;&#xE32;&#xE23;&#xE02;&#xE22;&#xE32;&#xE22;&#xE1E;&#xE31;&#xE19;&#xE18;&#xE38;&#xE4C;</subfield>
    <subfield code="9">22546</subfield>
  </datafield>
  <datafield tag="650" ind1=" " ind2="4">
    <subfield code="a">&#xE44;&#xE21;&#xE49;&#xE1B;&#xE23;&#xE30;&#xE14;&#xE31;&#xE1A;</subfield>
    <subfield code="9">47985</subfield>
  </datafield>
  <datafield tag="650" ind1=" " ind2="4">
    <subfield code="a">&#xE44;&#xE21;&#xE49;&#xE14;&#xE2D;&#xE01;</subfield>
    <subfield code="9">32436</subfield>
  </datafield>
  <datafield tag="850" ind1=" " ind2=" ">
    <subfield code="a">NALT</subfield>
  </datafield>
  <datafield tag="942" ind1=" " ind2=" ">
    <subfield code="2">lcc</subfield>
    <subfield code="c">GB</subfield>
  </datafield>
  <datafield tag="996" ind1=" " ind2=" ">
    <subfield code="a">phornvitoo</subfield>
    <subfield code="b">CATSTF	</subfield>
    <subfield code="c">2024-09-14</subfield>
  </datafield>
  <datafield tag="999" ind1=" " ind2=" ">
    <subfield code="c">105719</subfield>
    <subfield code="d">105719</subfield>
  </datafield>
  <datafield tag="998" ind1=" " ind2=" ">
    <subfield code="j">3099</subfield>
    <subfield code="k"> &#xE1E;&#xE23;&#xE27;&#xE34;&#xE17;&#xE39;  &#xE42;&#xE04;&#xE49;&#xE27;&#xE04;&#xE0A;&#xE32;&#xE20;&#xE23;&#xE13;&#xE4C;</subfield>
  </datafield>
  <datafield tag="952" ind1=" " ind2=" ">
    <subfield code="0">0</subfield>
    <subfield code="1">0</subfield>
    <subfield code="2">lcc</subfield>
    <subfield code="4">0</subfield>
    <subfield code="7">0</subfield>
    <subfield code="8">CSEN</subfield>
    <subfield code="a">NALT</subfield>
    <subfield code="b">NALT</subfield>
    <subfield code="c">GEN</subfield>
    <subfield code="d">2024-09-14</subfield>
    <subfield code="l">0</subfield>
    <subfield code="o">SB 404.9 &#xE2D;756&#xE14; 2552</subfield>
    <subfield code="p">0100011462001</subfield>
    <subfield code="r">2024-09-14 00:00:00</subfield>
    <subfield code="w">2024-09-14</subfield>
    <subfield code="y">GB</subfield>
  </datafield>
</record>
